| 000 | 00604nam a22001937a 4500 | ||
|---|---|---|---|
| 003 | OSt | ||
| 005 | 20140310183007.0 | ||
| 008 | 130211t xxu||||| |||| 00| 0 eng d | ||
| 020 | _a9789719213796 | ||
| 050 |
_aHF 5686.C8 _b.R744 2007 |
||
| 100 | _aRoldan, Amelia Samson. | ||
| 245 |
_aCost and materials management in the food service industry / _cAmelia Samson Roldan |
||
| 260 |
_aParaƱaque City : _bAR Skills Development and Management Services, _c2007. |
||
| 300 |
_a184 p. : _c26 cm. _bill. ; |
||
| 521 | _aTOU | ||
| 650 | _aFood service management | ||
| 942 |
_2lcc _cBK _kLOC |
||
| 999 |
_c18186 _d18186 |
||